01048 2200349 4500001002100000005001500021035002500036007000300061008004100064020002200105040001700127082002100144084001900165245010000184250001100284260004400295300003600339500007000375650003100445700001800476700001700494850001200511090002100523090002200544999002200566990001800588990001800606990001800624990001700642990001700659990002200676INLIS00000000002013620250506112414 a0010-051600000000570ta160519s2013 yoia b ind d a978-602-97529-2-2 aYOPDYOGbind042[22]a398.209598 a398.209598 TIG0 a366 cerita rakyat Nusantara :bdi lengkapi dengan lagu-lagu daerah /cAhmad Baihaqi...[et.all]. aCet. 331aYogyakarta :bAdicita Karya Nusa,c2013 axv, 991 hlm. :bilus. ;c30 cm. aDiterbitkan bersama : Balai Kajian dan Pengembangan budaya Melayu 4aCerita rakyat--zIndonesia0 aAhmad Baihaqi0 aJaka Subrata aYOPDYOG aK 398.209598 TIG aCB-D.11 2013-2532 aCB-D.11/2013-2532 a28063-PD/B.15 a28064-PD/B.15 a28065-PD/B.15 a580-RBM/B.15 a581-RBM/B.15 aCB-D.11/2013-2532